[Event "GBR-ch108 Senior 65+"]
[Site "Torquay"]
[Date "2022.08.20"]
[Round "6.21"]
[White "Williams, Stephen M"]
[Black "Gunn, Michael J"]
[Result "1-0"]
[WhiteElo "1851"]
[BlackElo "1598"]
[PlyCount "76"]
[EventDate "2022.08.15"]
[EventType "swiss"]
[EventRounds "7"]
[EventCountry "GBR"]
[SourceTitle "BritBase"]
[Source "John Saunders"]
[SourceDate "2021.06.05"]
[SourceVersion "1"]
[SourceVersionDate "2021.06.05"]
[SourceQuality "1"]
[WhiteTeam "England"]
[BlackTeam "England"]
[WhiteTeamCountry "ENG"]
[BlackTeamCountry "ENG"]

1. d4 d5 2. Bf4 e6 3. e3 c5 4. c3 Nc6 5. Nf3 Nf6 6. Nbd2 cxd4 7. exd4 Bd6 8.
Ne5 Qc7 9. Bb5 O-O 10. Qe2 a6 11. Bd3 b5 12. Bg3 Bb7 13. O-O Qd8 14. Rae1 Be7
15. f4 Na5 16. f5 Bc8 17. b3 Nb7 18. Nc6 Qd7 19. Nxe7+ Qxe7 20. Nf3 Nd6 21. Bh4
Nde8 22. fxe6 Qxe6 23. Ne5 Ne4 24. Bxe4 dxe4 25. Qxe4 Ra7 26. d5 Qh6 27. Qd4
Rc7 28. Bd8 Rb7 29. Nc6 Kh8 30. Be7 Rxe7 31. Nxe7 Bd7 32. Nf5 Bxf5 33. Rxf5 Nf6
34. d6 Qg6 35. Rxf6 gxf6 36. d7 Qg8 37. Qxf6+ Qg7 38. d8=Q Rg8 1-0

[Event "GBR-ch108 Senior 65+"]
[Site "Torquay"]
[Date "2022.08.20"]
[Round "6.22"]
[White "Norman, Dinah M"]
[Black "Smith, David"]
[Result "1/2-1/2"]
[WhiteElo "1670"]
[BlackElo "1831"]
[PlyCount "40"]
[EventDate "2022.08.15"]
[EventType "swiss"]
[EventRounds "7"]
[EventCountry "GBR"]
[SourceTitle "BritBase"]
[Source "John Saunders"]
[SourceDate "2021.06.05"]
[SourceVersion "1"]
[SourceVersionDate "2021.06.05"]
[SourceQuality "1"]
[WhiteTeam "England"]
[BlackTeam "England"]
[WhiteTeamCountry "ENG"]
[BlackTeamCountry "ENG"]

1. d4 Nf6 2. Nf3 g6 3. Bf4 Bg7 4. e3 O-O 5. Bc4 d6 6. h3 c6 7. a4 Nbd7 8. Nbd2
Qc7 9. O-O h6 10. c3 e5 11. dxe5 dxe5 12. Bh2 Nd5 13. e4 Nf4 14. Re1 Re8 15. a5
Nf8 16. Bf1 Be6 17. Nc4 Rad8 18. Qc2 Bxc4 19. Bxc4 g5 20. b4 c5 1/2-1/2

[Event "GBR-ch108 Senior 65+"]
[Site "Torquay"]
[Date "2022.08.20"]
[Round "6.23"]
[White "Jackson, Paul G"]
[Black "Matthew, Ian G"]
[Result "1-0"]
[WhiteElo "1578"]
[BlackElo "1816"]
[PlyCount "39"]
[EventDate "2022.08.15"]
[EventType "swiss"]
[EventRounds "7"]
[EventCountry "GBR"]
[SourceTitle "BritBase"]
[Source "John Saunders"]
[SourceDate "2021.06.05"]
[SourceVersion "1"]
[SourceVersionDate "2021.06.05"]
[SourceQuality "1"]
[WhiteTeam "England"]
[BlackTeam "England"]
[WhiteTeamCountry "ENG"]
[BlackTeamCountry "ENG"]

1. f4 e5 2. fxe5 d6 3. exd6 Bxd6 4. Nf3 g5 5. g3 h5 6. d4 f6 7. Qd3 Be6 8. Qe4
Kf7 9. Nc3 c6 10. Bg2 Nh6 11. Qd3 Bf5 12. e4 Re8 13. O-O Bg6 14. Nxg5+ Kg7 15.
Nh3 Nd7 16. Bxh6+ Kxh6 17. Nf4 Bh7 18. Qf3 h4 19. Qh5+ Kg7 20. Qxh4 1-0

[Event "GBR-ch108 Senior 65+"]
[Site "Torquay"]
[Date "2022.08.20"]
[Round "6.24"]
[White "Chadwick, Susan E"]
[Black "Blewitt, Stephen"]
[Result "0-1"]
[WhiteElo "1427"]
[BlackElo "1776"]
[PlyCount "84"]
[EventDate "2022.08.15"]
[EventType "swiss"]
[EventRounds "7"]
[EventCountry "GBR"]
[SourceTitle "BritBase"]
[Source "John Saunders"]
[SourceDate "2021.06.05"]
[SourceVersion "1"]
[SourceVersionDate "2021.06.05"]
[SourceQuality "1"]
[WhiteTeam "England"]
[BlackTeam "England"]
[WhiteTeamCountry "ENG"]
[BlackTeamCountry "ENG"]

1. d4 e5 2. dxe5 d6 3. exd6 Bxd6 4. Nf3 Nc6 5. e3 Bg4 6. Nbd2 a6 7. Be2 Qe7 8.
c3 Nh6 9. h3 Bf5 10. Nc4 Bc5 11. b4 Ba7 12. O-O O-O 13. a4 Rfd8 14. Qb3 b5 15.
axb5 axb5 16. Na5 Nxa5 17. Rxa5 c6 18. Nd4 Be4 19. Bf3 Bxf3 20. Nxf3 Nf5 21.
Nd4 Bxd4 22. cxd4 Nd6 23. Bb2 Nc4 24. Rxa8 Rxa8 25. Ra1 Rc8 26. Bc3 h6 27. Qd1
Nd6 28. Qf3 Qe6 29. Qd1 Nc4 30. Qc1 Re8 31. Qe1 Qg6 32. Ra2 Qd3 33. Re2 f5 34.
g3 Re6 35. d5 Qxd5 36. Bd4 Kh7 37. Kh2 Nd6 38. Qa1 Rg6 39. Qh1 Ne4 40. Qg1 f4
41. g4 Ng5 42. Qb1 Nf3+ 0-1

[Event "GBR-ch108 Senior 65+"]
[Site "Torquay"]
[Date "2022.08.20"]
[Round "6.25"]
[White "Smith, Graham"]
[Black "Berkley, Stephen W"]
[Result "1-0"]
[WhiteElo "1985"]
[BlackElo "1562"]
[PlyCount "37"]
[EventDate "2022.08.15"]
[EventType "swiss"]
[EventRounds "7"]
[EventCountry "GBR"]
[SourceTitle "BritBase"]
[Source "John Saunders"]
[SourceDate "2021.06.05"]
[SourceVersion "1"]
[SourceVersionDate "2021.06.05"]
[SourceQuality "1"]
[WhiteTeam "England"]
[BlackTeam "England"]
[WhiteTeamCountry "ENG"]
[BlackTeamCountry "ENG"]

1. e4 e6 2. d4 d5 3. e5 c5 4. c3 Nc6 5. Nf3 Bd7 6. Bd3 cxd4 7. O-O Qb6 8. Nbd2
Nge7 9. Nb3 dxc3 10. bxc3 Ng6 11. Re1 Be7 12. Rb1 Qc7 13. Qe2 O-O 14. Nbd4 Nxd4
15. cxd4 Bc6 16. h4 Qd8 17. Ng5 Nxh4 18. Bxh7+ Kh8 19. Qh5 1-0

[Event "GBR-ch108 Senior 65+"]
[Site "Torquay"]
[Date "2022.08.20"]
[Round "6.28"]
[White "Collins, Peter M"]
[Black "Pride, Stephen C"]
[Result "1/2-1/2"]
[WhiteElo "1831"]
[BlackElo "1587"]
[PlyCount "80"]
[EventDate "2022.08.15"]
[EventType "swiss"]
[EventRounds "7"]
[EventCountry "GBR"]
[SourceTitle "BritBase"]
[Source "John Saunders"]
[SourceDate "2021.06.05"]
[SourceVersion "1"]
[SourceVersionDate "2021.06.05"]
[SourceQuality "1"]
[WhiteTeam "England"]
[BlackTeam "England"]
[WhiteTeamCountry "ENG"]
[BlackTeamCountry "ENG"]

1. Nf3 g6 2. g3 b6 3. Bg2 Bb7 4. O-O Bg7 5. d3 d6 6. c3 Nd7 7. e4 h6 8. Be3 e6
9. Nbd2 Ne7 10. Re1 O-O 11. Nf1 Kh7 12. h4 Rh8 13. Bd4 e5 14. Be3 d5 15. Qc2 c5
16. c4 d4 17. Bd2 Qc7 18. g4 Rae8 19. Ng3 Bc8 20. Rf1 Nf8 21. g5 h5 22. Nh2 Ne6
23. Bh3 Rhf8 24. Bxe6 Bxe6 25. f4 f6 26. f5 gxf5 27. exf5 Bc8 28. g6+ Nxg6 29.
fxg6+ Kxg6 30. Qd1 Rh8 31. Qf3 Reg8 32. Ne4 Kf7 33. Kh1 Bb7 34. Qf5 Ke8 35. Nf3
Qe7 36. b4 Bxe4 37. Qxe4 cxb4 38. Qa8+ Qd8 39. Qxd8+ Kxd8 40. Bxb4 Bh6 1/2-1/2

[Event "GBR-ch108 Senior 65+"]
[Site "Torquay"]
[Date "2022.08.21"]
[Round "7.1"]
[White "Footner, Andrew F"]
[Black "Nunn, John D M"]
[Result "0-1"]
[WhiteElo "1995"]
[BlackElo "2577"]
[PlyCount "44"]
[EventDate "2022.08.15"]
[EventType "swiss"]
[EventRounds "7"]
[EventCountry "GBR"]
[SourceTitle "BritBase"]
[Source "John Saunders"]
[SourceDate "2021.06.05"]
[SourceVersion "1"]
[SourceVersionDate "2021.06.05"]
[SourceQuality "1"]
[WhiteTeam "England"]
[BlackTeam "England"]
[WhiteTeamCountry "ENG"]
[BlackTeamCountry "ENG"]

1. e4 c5 2. c3 d5 3. exd5 Qxd5 4. d4 Nf6 5. Nf3 Bg4 6. Be2 e6 7. h3 Bh5 8. O-O
Nc6 9. c4 Qd7 10. Be3 Bxf3 11. Bxf3 Nxd4 12. Nc3 Rd8 13. Bg4 Be7 14. Nd5 Nxg4
15. Qxg4 exd5 16. Qxg7 Rf8 17. Bxd4 cxd4 18. Rfe1 dxc4 19. Re4 d3 20. Rxc4 d2
21. Rd1 Qe6 22. Qc3 Qe2 0-1

[Event "GBR-ch108 Senior 65+"]
[Site "Torquay"]
[Date "2022.08.21"]
[Round "7.2"]
[White "Jackson, Oliver A"]
[Black "Hutchinson, Paul A"]
[Result "0-1"]
[WhiteElo "2066"]
[BlackElo "2083"]
[PlyCount "94"]
[EventDate "2022.08.15"]
[EventType "swiss"]
[EventRounds "7"]
[EventCountry "GBR"]
[SourceTitle "BritBase"]
[Source "John Saunders"]
[SourceDate "2021.06.05"]
[SourceVersion "1"]
[SourceVersionDate "2021.06.05"]
[SourceQuality "1"]
[WhiteTeam "England"]
[BlackTeam "England"]
[WhiteTeamCountry "ENG"]
[BlackTeamCountry "ENG"]

1. e4 d5 2. exd5 Qxd5 3. Nc3 Qa5 4. d4 Nf6 5. Bc4 c6 6. Bd2 Qb6 7. Nf3 Bf5 8.
Bb3 e6 9. Qe2 Bg4 10. O-O-O Be7 11. h3 Bxf3 12. Qxf3 Nbd7 13. g4 a5 14. Rhe1
Qd8 15. Bf4 Nb6 16. a3 a4 17. Ba2 Nfd5 18. Be5 Nxc3 19. Qxc3 O-O 20. Qg3 Rc8
21. Kb1 Nd7 22. Bf4 b5 23. c3 Nb6 24. Ka1 Nc4 25. Bc1 Na5 26. Qd3 Nb3+ 27. Bxb3
axb3 28. c4 b4 29. a4 Ra8 30. Qxb3 Qb6 31. Kb1 Ra6 32. Be3 Rfa8 33. Kc2 Rxa4
34. Kd2 Ra2 35. Ke2 R8a3 36. Qc2 Rc3 37. Qb1 b3 38. Rc1 Qb4 39. Kf3 Rxc4 40.
Kg2 h6 41. Qd3 Rxc1 42. Rxc1 Qb7 43. Qc3 c5+ 44. f3 Bf6 45. h4 Qb5 46. Kg3 Qe2
47. Re1 Bxh4+ 0-1

[Event "GBR-ch108 Senior 65+"]
[Site "Torquay"]
[Date "2022.08.21"]
[Round "7.3"]
[White "James, Geoffrey H"]
[Black "Bonafont, Philip R"]
[Result "1/2-1/2"]
[WhiteElo "2118"]
[BlackElo "2001"]
[PlyCount "44"]
[EventDate "2022.08.15"]
[EventType "swiss"]
[EventRounds "7"]
[EventCountry "GBR"]
[SourceTitle "BritBase"]
[Source "John Saunders"]
[SourceDate "2021.06.05"]
[SourceVersion "1"]
[SourceVersionDate "2021.06.05"]
[SourceQuality "1"]
[WhiteTeam "England"]
[BlackTeam "England"]
[WhiteTeamCountry "ENG"]
[BlackTeamCountry "ENG"]

1. e4 c6 2. d4 d5 3. Nc3 dxe4 4. Nxe4 Nf6 5. Ng3 h5 6. h4 Bg4 7. Qd3 Qc7 8.
N1e2 e6 9. f3 Bd6 10. fxg4 Nxg4 11. Ne4 Nd7 12. Nxd6+ Qxd6 13. Bf4 Qb4+ 14. Qc3
Qb6 15. g3 e5 16. Bd2 O-O 17. Qb4 Qc7 18. Bg2 a5 19. Qc4 Rad8 20. O-O exd4 21.
Bf4 Nde5 22. Qb3 b6 1/2-1/2

[Event "GBR-ch108 Senior 65+"]
[Site "Torquay"]
[Date "2022.08.21"]
[Round "7.4"]
[White "Bray, David"]
[Black "Norman, Kenneth I"]
[Result "1/2-1/2"]
[WhiteElo "2006"]
[BlackElo "2117"]
[PlyCount "41"]
[EventDate "2022.08.15"]
[EventType "swiss"]
[EventRounds "7"]
[EventCountry "GBR"]
[SourceTitle "BritBase"]
[Source "John Saunders"]
[SourceDate "2021.06.05"]
[SourceVersion "1"]
[SourceVersionDate "2021.06.05"]
[SourceQuality "1"]
[WhiteTeam "England"]
[BlackTeam "England"]
[WhiteTeamCountry "ENG"]
[BlackTeamCountry "ENG"]

1. c4 g6 2. e4 Bg7 3. d4 c5 4. Nf3 cxd4 5. Nxd4 Nc6 6. Be3 Nf6 7. Nc3 Ng4 8.
Qxg4 Nxd4 9. Qd1 Ne6 10. Be2 O-O 11. O-O d6 12. Qd2 Nc5 13. Bh6 a5 14. Bxg7
Kxg7 15. f4 f5 16. Qd4+ Kg8 17. Rad1 Nxe4 18. Nxe4 fxe4 19. Qd5+ Kg7 20. Qd4+
Kg8 21. Qd5+ 1/2-1/2

[Event "GBR-ch108 Senior 65+"]
[Site "Torquay"]
[Date "2022.08.21"]
[Round "7.5"]
[White "Burnett, Jim"]
[Black "Moore, John C"]
[Result "1-0"]
[WhiteElo "2056"]
[BlackElo "1946"]
[PlyCount "163"]
[EventDate "2022.08.15"]
[EventType "swiss"]
[EventRounds "7"]
[EventCountry "GBR"]
[SourceTitle "BritBase"]
[Source "John Saunders"]
[SourceDate "2021.06.05"]
[SourceVersion "1"]
[SourceVersionDate "2021.06.05"]
[SourceQuality "1"]
[WhiteTeam "England"]
[BlackTeam "England"]
[WhiteTeamCountry "ENG"]
[BlackTeamCountry "ENG"]

1. d4 d5 2. c4 c6 3. Nf3 Nf6 4. Nc3 e6 5. Bg5 dxc4 6. e4 b5 7. e5 h6 8. Bh4 g5
9. exf6 gxh4 10. Ne5 Qxf6 11. a4 c5 12. axb5 Bb7 13. Bxc4 Bd6 14. Ng4 Qxd4 15.
Qe2 h5 16. Bxe6 fxe6 17. Qxe6+ Be7 18. Ne5 Nd7 19. Qg6+ Kd8 20. Nf7+ Kc7 21.
b6+ Kb8 22. Nxh8 Qe5+ 23. Ne2 Qxh8 24. O-O axb6 25. Rad1 Qf6 26. Qe8+ Ka7 27.
Qxd7 Rd8 28. Qa4+ Kb8 29. Rxd8+ Bxd8 30. Qd7 Qg5 31. g3 hxg3 32. hxg3 Bc7 33.
Qe8+ Bc8 34. Qe3 Qg7 35. Nf4 h4 36. Re1 hxg3 37. fxg3 Qxb2 38. Nd5 Bb7 39. Qe8+
Ka7 40. Qa4+ Kb8 41. Re8+ Bc8 42. Nxc7 Qc1+ 43. Kf2 Qb2+ 44. Re2 Qf6+ 45. Qf4
Qxf4+ 46. gxf4 Kxc7 47. Kf3 Kd6 48. Rb2 Kc6 49. Ke4 b5 50. Ke5 c4 51. Kd4 Be6
52. Re2 Kd6 53. Kc3 Bf5 54. Re5 Bd7 55. Kd4 Kc6 56. f5 c3 57. Kxc3 Kd6 58. Kd4
b4 59. f6 Be6 60. Rb5 b3 61. Rb6+ Kd7 62. Kc5 Bf7 63. Rd6+ Ke8 64. Rd2 Be6 65.
Kd6 Kf7 66. Ke5 Bc4 67. Rd4 b2 68. Rd7+ Ke8 69. Rb7 b1=Q 70. Rxb1 Kf7 71. Rb7+
Kf8 72. Kd6 Ba2 73. Ke5 Bc4 74. Kf5 Bd3+ 75. Kg5 Bc2 76. Rc7 Be4 77. f7 Kg7 78.
f8=Q+ Kxf8 79. Kf6 Kg8 80. Rc4 Bf3 81. Kg6 Bb7 82. Rb4 1-0

[Event "GBR-ch108 Senior 65+"]
[Site "Torquay"]
[Date "2022.08.21"]
[Round "7.6"]
[White "Girdlestone, Paul C"]
[Black "De Coverly, Roger D"]
[Result "1-0"]
[WhiteElo "2023"]
[BlackElo "1918"]
[PlyCount "41"]
[EventDate "2022.08.15"]
[EventType "swiss"]
[EventRounds "7"]
[EventCountry "GBR"]
[SourceTitle "BritBase"]
[Source "John Saunders"]
[SourceDate "2021.06.05"]
[SourceVersion "1"]
[SourceVersionDate "2021.06.05"]
[SourceQuality "1"]
[WhiteTeam "England"]
[BlackTeam "England"]
[WhiteTeamCountry "ENG"]
[BlackTeamCountry "ENG"]

1. d4 Nf6 2. Nc3 d5 3. Bf4 c6 4. e3 g6 5. Bd3 Bg7 6. h3 O-O 7. a4 a5 8. Nf3 Na6
9. O-O Nb4 10. Be2 Nd7 11. Qd2 Qe8 12. e4 dxe4 13. Nxe4 Nd5 14. Bh6 N5f6 15.
Ng3 Qd8 16. Rfe1 Re8 17. Bxg7 Kxg7 18. Rad1 e6 19. Ne5 Nxe5 20. dxe5 Qxd2 21.
exf6+ 1-0

[Event "GBR-ch108 Senior 65+"]
[Site "Torquay"]
[Date "2022.08.21"]
[Round "7.7"]
[White "Hewson, Brian W R"]
[Black "Myall, Ivan J"]
[Result "1-0"]
[WhiteElo "2026"]
[BlackElo "1983"]
[PlyCount "119"]
[EventDate "2022.08.15"]
[EventType "swiss"]
[EventRounds "7"]
[EventCountry "GBR"]
[SourceTitle "BritBase"]
[Source "John Saunders"]
[SourceDate "2021.06.05"]
[SourceVersion "1"]
[SourceVersionDate "2021.06.05"]
[SourceQuality "1"]
[WhiteTeam "England"]
[BlackTeam "England"]
[WhiteTeamCountry "ENG"]
[BlackTeamCountry "ENG"]

1. Nf3 d5 2. d4 Nf6 3. c4 c6 4. e3 Bf5 5. Bd3 Bxd3 6. Qxd3 e6 7. Nc3 Bd6 8. O-O
Nbd7 9. e4 dxe4 10. Nxe4 Nxe4 11. Qxe4 Nf6 12. Qe2 h6 13. b3 Qa5 14. Ne5 Bxe5
15. dxe5 Nd7 16. Bd2 Qxe5 17. Qxe5 Nxe5 18. Bc3 Ng4 19. Bxg7 Rg8 20. Bc3 h5 21.
Rad1 Rd8 22. h3 Nh6 23. Bf6 Rd7 24. Rxd7 Kxd7 25. Rd1+ Kc8 26. Rd4 Nf5 27. Rf4
Rg6 28. Bc3 h4 29. Rg4 Kd7 30. Kf1 Kd6 31. Ke2 e5 32. Rxg6+ fxg6 33. Kd3 c5 34.
Bd2 Ke6 35. Bg5 a6 36. Bd8 Kd7 37. Bf6 Ke6 38. Bg5 Kd6 39. Be3 Nd4 40. Ke4 Nf5
41. Kd3 b6 42. Bg5 b5 43. Be3 b4 44. Ke4 Nxe3 45. Kxe3 Ke6 46. Ke4 a5 47. g3 g5
48. gxh4 gxh4 49. f3 Kf6 50. f4 exf4 51. Kxf4 Ke6 52. Ke4 Kd6 53. Kf5 Kd7 54.
Ke5 Ke7 55. Kd5 Kf6 56. Kxc5 Kf5 57. Kb6 Kf4 58. c5 Kg3 59. c6 Kxh3 60. c7 1-0

[Event "GBR-ch108 Senior 65+"]
[Site "Torquay"]
[Date "2022.08.21"]
[Round "7.8"]
[White "Chandler, Cliff R"]
[Black "Costello, Colin A"]
[Result "1/2-1/2"]
[WhiteElo "2244"]
[BlackElo "1866"]
[PlyCount "70"]
[EventDate "2022.08.15"]
[EventType "swiss"]
[EventRounds "7"]
[EventCountry "GBR"]
[SourceTitle "BritBase"]
[Source "John Saunders"]
[SourceDate "2021.06.05"]
[SourceVersion "1"]
[SourceVersionDate "2021.06.05"]
[SourceQuality "1"]
[WhiteTeam "England"]
[BlackTeam "England"]
[WhiteTeamCountry "ENG"]
[BlackTeamCountry "ENG"]

1. e4 e5 2. Nf3 Nc6 3. Nc3 Nf6 4. d4 exd4 5. Nxd4 Bb4 6. Nxc6 bxc6 7. Bd3 O-O
8. O-O d5 9. exd5 cxd5 10. Bg5 Be7 11. Qf3 c6 12. Rfe1 Be6 13. Bf4 Bd6 14. h3
Rb8 15. b3 Qc7 16. Bxd6 Qxd6 17. Na4 Rfe8 18. Qe3 d4 19. Qe5 Qxe5 20. Rxe5 Bd5
21. Rxe8+ Rxe8 22. Nc5 Kf8 23. b4 Re5 24. Nb3 Bxb3 25. axb3 Nd5 26. Ra5 Re1+
27. Kh2 Nxb4 28. Rxa7 Nxd3 29. cxd3 Rd1 30. Rd7 Rxd3 31. b4 Ke8 32. Rd6 Ke7 33.
Rxc6 Rb3 34. Rc4 d3 35. Rd4 d2 1/2-1/2

[Event "GBR-ch108 Senior 65+"]
[Site "Torquay"]
[Date "2022.08.21"]
[Round "7.9"]
[White "Whiteside, Robert"]
[Black "Newton, Robert A"]
[Result "1/2-1/2"]
[WhiteElo "1816"]
[BlackElo "1976"]
[PlyCount "32"]
[EventDate "2022.08.15"]
[EventType "swiss"]
[EventRounds "7"]
[EventCountry "GBR"]
[SourceTitle "BritBase"]
[Source "John Saunders"]
[SourceDate "2021.06.05"]
[SourceVersion "1"]
[SourceVersionDate "2021.06.05"]
[SourceQuality "1"]
[WhiteTeam "England"]
[BlackTeam "England"]
[WhiteTeamCountry "ENG"]
[BlackTeamCountry "ENG"]

1. e4 c5 2. Nf3 d6 3. d4 cxd4 4. c3 d3 5. Bxd3 Nc6 6. O-O Nf6 7. Nbd2 g6 8. Nc4
Bg7 9. e5 dxe5 10. Ncxe5 Nxe5 11. Nxe5 O-O 12. Qe2 Ng4 13. Nxg4 Bxg4 14. Qxg4
Qxd3 15. Be3 f5 16. Qb4 Qd8 1/2-1/2

[Event "GBR-ch108 Senior 65+"]
[Site "Torquay"]
[Date "2022.08.21"]
[Round "7.11"]
[White "Bellers, Chris J"]
[Black "Dennis, Nigel W"]
[Result "1/2-1/2"]
[WhiteElo "1901"]
[BlackElo "1814"]
[PlyCount "36"]
[EventDate "2022.08.15"]
[EventType "swiss"]
[EventRounds "7"]
[EventCountry "GBR"]
[SourceTitle "BritBase"]
[Source "John Saunders"]
[SourceDate "2021.06.05"]
[SourceVersion "1"]
[SourceVersionDate "2021.06.05"]
[SourceQuality "1"]
[WhiteTeam "England"]
[BlackTeam "England"]
[WhiteTeamCountry "ENG"]
[BlackTeamCountry "ENG"]

1. c4 Nf6 2. g3 g6 3. Bg2 Bg7 4. Nc3 O-O 5. e4 e5 6. Nge2 Nc6 7. O-O d6 8. f4
exf4 9. gxf4 Bg4 10. h3 Bxe2 11. Nxe2 Qe7 12. d3 Rae8 13. Bd2 Nd7 14. Bc3 f5
15. Bxg7 Qxg7 16. Qd2 Nd4 17. Nc3 c6 18. Rad1 Qf6 1/2-1/2

[Event "GBR-ch108 Senior 65+"]
[Site "Torquay"]
[Date "2022.08.21"]
[Round "7.12"]
[White "Stimpson, Philip M"]
[Black "Williams, Stephen M"]
[Result "0-1"]
[WhiteElo "1950"]
[BlackElo "1851"]
[PlyCount "62"]
[EventDate "2022.08.15"]
[EventType "swiss"]
[EventRounds "7"]
[EventCountry "GBR"]
[SourceTitle "BritBase"]
[Source "John Saunders"]
[SourceDate "2021.06.05"]
[SourceVersion "1"]
[SourceVersionDate "2021.06.05"]
[SourceQuality "1"]
[WhiteTeam "England"]
[BlackTeam "England"]
[WhiteTeamCountry "ENG"]
[BlackTeamCountry "ENG"]

1. e4 d5 2. exd5 Nf6 3. d4 Bg4 4. f3 Bf5 5. g4 Bg6 6. c4 e6 7. Nc3 exd5 8. g5
Nh5 9. Nxd5 Nc6 10. Qe2+ Be7 11. Nxe7 Nxd4 12. Nc6+ Nxe2 13. Nxd8 Nd4 14. Nxb7
Nc2+ 15. Kf2 Nxa1 16. c5 O-O 17. Bc4 Nc2 18. Ne2 Rab8 19. c6 Nb4 20. Nc5 Rbd8
21. Nb7 Nd3+ 22. Bxd3 Rxd3 23. Be3 Re8 24. Bxa7 Rd2 25. Be3 Rxb2 26. a4 Bd3 27.
Re1 f6 28. gxf6 Nxf6 29. Nc5 Bc4 30. a5 Ra2 31. a6 Nd5 0-1

[Event "GBR-ch108 Senior 65+"]
[Site "Torquay"]
[Date "2022.08.21"]
[Round "7.13"]
[White "Johnson, Richard J"]
[Black "Habershon, Paul F"]
[Result "1/2-1/2"]
[WhiteElo "1828"]
[BlackElo "1949"]
[PlyCount "81"]
[EventDate "2022.08.15"]
[EventType "swiss"]
[EventRounds "7"]
[EventCountry "GBR"]
[SourceTitle "BritBase"]
[Source "John Saunders"]
[SourceDate "2021.06.05"]
[SourceVersion "1"]
[SourceVersionDate "2021.06.05"]
[SourceQuality "1"]
[WhiteTeam "England"]
[BlackTeam "England"]
[WhiteTeamCountry "ENG"]
[BlackTeamCountry "ENG"]

1. e4 Nf6 2. e5 Nd5 3. d4 d6 4. Nf3 Bg4 5. Be2 c6 6. c4 Nb6 7. exd6 exd6 8. b3
Be7 9. O-O O-O 10. Nc3 d5 11. c5 Nc8 12. Bf4 Nd7 13. h3 Bh5 14. Re1 Bf6 15. Qd2
Re8 16. b4 Bxf3 17. Bxf3 Ne7 18. Bg4 Nf8 19. b5 g6 20. Bg5 Bxg5 21. Qxg5 Kg7
22. bxc6 bxc6 23. h4 Ng8 24. Qxd8 Raxd8 25. Rxe8 Rxe8 26. Rb1 f5 27. Bf3 Ne6
28. Ne2 Re7 29. Kf1 Nf6 30. g3 Ne4 31. Bxe4 dxe4 32. Rb8 Kf6 33. Ke1 Rd7 34.
Rc8 Nxd4 35. Nxd4 Rxd4 36. Rxc6+ Ke7 37. Ra6 Rd7 38. Ke2 Rc7 39. a4 Rxc5 40.
Rxa7+ Kf6 41. Rxh7 1/2-1/2

[Event "GBR-ch108 Senior 65+"]
[Site "Torquay"]
[Date "2022.08.21"]
[Round "7.15"]
[White "Barton, R Alan"]
[Black "Marshall, Michael"]
[Result "1-0"]
[WhiteElo "1926"]
[BlackElo "1829"]
[PlyCount "58"]
[EventDate "2022.08.15"]
[EventType "swiss"]
[EventRounds "7"]
[EventCountry "GBR"]
[SourceTitle "BritBase"]
[Source "John Saunders"]
[SourceDate "2021.06.05"]
[SourceVersion "1"]
[SourceVersionDate "2021.06.05"]
[SourceQuality "1"]
[WhiteTeam "England"]
[BlackTeam "Denmark"]
[WhiteTeamCountry "ENG"]
[BlackTeamCountry "DEN"]

1. Nf3 d5 2. d4 Nf6 3. Bg5 Bf5 4. Bxf6 exf6 5. e3 Nc6 6. a3 Be7 7. c4 Bxb1 8.
Qxb1 Qd7 9. b4 O-O 10. Qb3 dxc4 11. Bxc4 a5 12. O-O axb4 13. axb4 Nxb4 14.
Bxf7+ Kh8 15. Be6 Qd6 16. Bc4 g6 17. h3 Kg7 18. d5 Kh8 19. Nd4 Rfc8 20. Rad1
Qc5 21. Ne6 Qb6 22. Qc3 Na6 23. Rd4 Qb4 24. Qc2 Qd6 25. Rh4 Rg8 26. Nf4 Rg7 27.
Nxg6+ Kg8 28. Nxe7+ Qxe7 29. d6+ Kh8 1-0

[Event "GBR-ch108 Senior 65+"]
[Site "Torquay"]
[Date "2022.08.21"]
[Round "7.16"]
[White "Michaud, Gerald"]
[Black "Jackson, Paul G"]
[Result "1/2-1/2"]
[WhiteElo "1871"]
[BlackElo "1578"]
[PlyCount "64"]
[EventDate "2022.08.15"]
[EventType "swiss"]
[EventRounds "7"]
[EventCountry "GBR"]
[SourceTitle "BritBase"]
[Source "John Saunders"]
[SourceDate "2021.06.05"]
[SourceVersion "1"]
[SourceVersionDate "2021.06.05"]
[SourceQuality "1"]
[WhiteTeam "Canada"]
[BlackTeam "England"]
[WhiteTeamCountry "CAN"]
[BlackTeamCountry "ENG"]

1. d4 e6 2. Bf4 f5 3. e3 Nf6 4. Nf3 b6 5. c4 Bb4+ 6. Nbd2 Bb7 7. a3 Bxd2+ 8.
Nxd2 O-O 9. Be2 d6 10. O-O Nbd7 11. Bf3 Bxf3 12. Nxf3 Ne4 13. h4 h6 14. Qc2 Qe7
15. b4 a5 16. Bh2 Ndf6 17. c5 Ng4 18. cxd6 cxd6 19. Rac1 axb4 20. axb4 Ra7 21.
Qc6 Nxh2 22. Kxh2 Ra2 23. Rc2 Rxc2 24. Qxc2 Ra8 25. g3 Qa7 26. Kg2 Qa4 27. Qb2
Rc8 28. Rc1 Rxc1 29. Qxc1 Qxb4 30. Qc8+ Kf7 31. Qd7+ Kf6 32. Qd8+ Kf7 1/2-1/2

[Event "GBR-ch108 Senior 65+"]
[Site "Torquay"]
[Date "2022.08.21"]
[Round "7.17"]
[White "Fryer, David W"]
[Black "Blewitt, Stephen"]
[Result "1-0"]
[WhiteElo "1875"]
[BlackElo "1776"]
[PlyCount "67"]
[EventDate "2022.08.15"]
[EventType "swiss"]
[EventRounds "7"]
[EventCountry "GBR"]
[SourceTitle "BritBase"]
[Source "John Saunders"]
[SourceDate "2021.06.05"]
[SourceVersion "1"]
[SourceVersionDate "2021.06.05"]
[SourceQuality "1"]
[WhiteTeam "England"]
[BlackTeam "England"]
[WhiteTeamCountry "ENG"]
[BlackTeamCountry "ENG"]

1. e4 d5 2. exd5 Nf6 3. Nf3 Qxd5 4. Be2 g6 5. O-O Bg7 6. h3 O-O 7. d4 c6 8. c4
Qa5 9. Qb3 Qc7 10. Nc3 Bf5 11. Be3 Ne4 12. Nxe4 Bxe4 13. Rfd1 Nd7 14. Ng5 Nf6
15. Nxe4 Nxe4 16. Rac1 e6 17. d5 c5 18. Bf3 Nd6 19. Qa3 Rfc8 20. dxe6 fxe6 21.
Bf4 Rd8 22. Qe3 e5 23. Bxe5 Nf5 24. Bxc7 Rxd1+ 25. Rxd1 Nxe3 26. fxe3 Bxb2 27.
Bxb7 Re8 28. Rd8 Kf7 29. Bd5+ Ke7 30. Rxe8+ Kxe8 31. Kf2 Kd7 32. Bf4 Bg7 33.
Kf3 h6 34. Ke4 1-0